Statistics for IIHF World U20 Championship: Medalists

Click here to take the quiz!

General Stats

  • This quiz has been taken 81 times
  • The average score is 9 of 10

Answer Stats

GoldSilverBronzeCountry% Correct
1695Canada
100%
446Finland
100%
498Russia
100%
2105Sweden
100%
415USA
100%
002Slovakia
96%
932Soviet Union
93%
201Czech Republic
89%
001Switzerland
86%
056Czechoslovakia
80%

Score Distribution

Percentile by Number Answered

Percent of People with Each Score

Your Score History

You have not taken this quiz